| 000 | 00351nam a2200145Ia 4500 | ||
|---|---|---|---|
| 008 | 191201s2005 xx 000 0 und d | ||
| 082 |
_a620.1 _bGAF |
||
| 100 | _aGARDE, R J | ||
| 245 | 0 | _aFluid Mechanics Through Problems | |
| 250 | _a2nd | ||
| 260 |
_aN.Delhi _bNew Age International _c2005 |
||
| 300 | _a632 | ||
| 650 | _aB.Tech(ME) | ||
| 942 |
_2ddc _cBK |
||
| 999 |
_c793 _d793 |
||